000 00925nam a22002177a 4500
003 UA-OsUOA
001 39942
007 ta
008 20080525b un ||||| |||| 00| 0 ukr d
100 _aУмінський В. Королевський Ф.
090 _a09-082
942 _cBK
040 _aUA-OsUOA
_bukr
_cUA-OsUOA
_dUA-OsUOA
245 _aЯк повстала наша земля і який буде її кінець.- Вінніпег, 1920
_bЯворовський Є. Серед куль і гранат. Начерки. - Львів-Київ, 1922; Ганкевич М. Соціялістичний інтернаціонал і війна. - Відень, 1915; За український університет у Львові. - Львів, 1910;
955 _a1
041 _aukr
080 _a09-082
246 3 1 _a(Зшиті різні книги)
_nКнига 4,5,6
650 7 _2UDC
999 _c438448
_d438448